|
|
|
|
| LEADER |
00000naa2a2200000 4500 |
| 001 |
489453 |
| 005 |
20231101095522.0 |
| 035 |
|
|
|a (RuTPU)RU\TPU\prd\158311
|
| 035 |
|
|
|a RU\TPU\tpu\12168
|
| 090 |
|
|
|a 489453
|
| 100 |
|
|
|a 20121109a1988 k y0rusy50 ca
|
| 101 |
0 |
|
|a rus
|
| 102 |
|
|
|a RU
|
| 200 |
1 |
|
|a Оптимизация выбора типа светораспределения и размещения светильника прямого света
|f В. Д. Никитин
|
| 320 |
|
|
|a Библиогр.: 15 назв.
|
| 461 |
|
0 |
|0 (RuTPU)RU\TPU\prd\1751
|x 0039-7067
|t Светотехника
|o научно-технический журнал
|d 1932, 1934-1937, 1956-
|
| 463 |
|
1 |
|0 (RuTPU)RU\TPU\prd\158307
|t № 11
|v С. 10-14
|d 1988
|
| 610 |
1 |
|
|a светильники
|
| 610 |
1 |
|
|a размещение
|
| 610 |
1 |
|
|a светораспределение
|
| 610 |
1 |
|
|a прямой свет
|
| 610 |
1 |
|
|a труды учёных ТПУ
|
| 700 |
|
1 |
|a Никитин
|b В. Д.
|c электрофизик, специалист в области светотехники
|c доцент Томского политехнического университета, кандидат технических наук
|f 1937-
|g Владимир Дмитриевич
|2 stltpush
|3 (RuTPU)RU\TPU\pers\25496
|
| 801 |
|
1 |
|a RU
|b 63413507
|c 20041102
|g PSBO
|
| 801 |
|
2 |
|a RU
|b 63413507
|c 20121109
|g RCR
|
| 942 |
|
|
|c BK
|